00890cam a2200253 a 450000100100000000500170001000800410002702000150006804000290008305000170011208200200012910000370014924500470018626000640023330000240029749000310032150400320035265000300038483000380041491000340045204900090048695201240049599900170061900001515520200929163953.0720803s1972 nju b 001 0 eng  a0691046085 aDO-SdBNPbengcLCdBNPHU00aJX1938b.B76 a261.8/73bB864p1 aBrock, Peter,d1920-2006.93430310aPacifism in Europe to 1914 /cPeter Brock. aPrinceton, New Jersey :bPrinceton University Press,c1972. ax, 556 p. ;c25 cm.1 aHistory of pacifism,vv. 1 aBibliografía: p. 505-544. 0aPacifismxHistory.934304 0aHistory of pacifism,vv. 1934305 aCatalogación por copia / LC aBNGR 001052708MOaGRbGRcCTd2010-02-01iLF1l0o261.8/73 B864pp15155-10r2020-06-25w2020-06-25y2ZPréstamo interno c14727d14727